000 00509nam a2200181 i 4500
001 146290
003 ES-MaACL
005 20230906201500.0
007 t|
008 070906s1961 sp ||||1| spa d
100 1 _aCano de la Vega, Jacinto.
_9165266
245 1 0 _aTratado de protocolo / Jacinto Cano de la Vega.
260 _a[Valencia :
_bGráf. Genovés,
_c1961]
300 _a139 p. ;
_c24 cm.
650 0 4 _aCeremonial-
_zEspaña.
_910909
650 _aEtiqueta.
_912596
852 _aES-MaACL
_jC-20662
999 _c146290
_d146290